Automation impacts on industry
সংরক্ষণ করুন:
| বিন্যাস: | গ্রন্থ |
|---|---|
| ভাষা: | Undetermined |
| প্রকাশিত: |
Ann Arbor, Mich.
Ann Arbor Science
1983
|
| বিষয়গুলি: | |
| ট্যাগগুলো: |
ট্যাগ যুক্ত করুন
কোনো ট্যাগ নেই, প্রথমজন হিসাবে ট্যাগ করুন!
|
| Thư viện lưu trữ: | Trung tâm Học liệu Trường Đại học Cần Thơ |
|---|
| LEADER | 00566nam a2200193Ia 4500 | ||
|---|---|---|---|
| 001 | CTU_95076 | ||
| 008 | 210402s9999 xx 000 0 und d | ||
| 082 | |a 338.06 | ||
| 082 | |b A939 | ||
| 245 | 0 | |a Automation impacts on industry | |
| 245 | 0 | |c Robert P. Ouellette ... [et al.]. | |
| 260 | |a Ann Arbor, Mich. | ||
| 260 | |b Ann Arbor Science | ||
| 260 | |c 1983 | ||
| 650 | |a Automation,Machinery in the workplace | ||
| 650 | |x Economic aspects | ||
| 650 | |z United states,United states | ||
| 904 | |i Năm | ||
| 980 | |a Trung tâm Học liệu Trường Đại học Cần Thơ | ||